000 00942nam a22002897i 4500
003 EG-GICUC
005 20260503091110.0
008 260503t1964 fr|||||fr|||| 00| 0 fre d
040 _a EG-GICUC
_bfre
_c EG-GICUC
_d EG-GICUC
_erda
043 _ae-fr---
082 0 4 _221
_a343.3
092 0 4 _221
099 _aLaw1 10 343.3 Le.D 1964
100 0 _aLevasseur, Georges
245 1 0 _aDroit Criminel Approfond :
_bCujet du Cours: Le Ansine d'application dans le temps /
_cGeorges Levasseur.
264 _aLe Caire
_bUniversite Du Caire,
_c1964.
300 _a215 صفحة
_c30 سم
336 _2rda content
_atext
337 _2rda media
_aComputer
338 _2rda carrier
_aOnline Resource
504 _a. 240-220 ببليوجرافيا: صفحات.
650 1 4 _aDroit de procédure pénale
_2qrmak
651 1 _2qrmak
856 4 0 _uhttps://fll.law.cu.edu.eg/fulltext/bks/B10-09175.pdf
905 _a17
942 _2ddc
_cBK
_e21
_n0
999 _c75068
_d75068